000 01163cam a2200397M 4500
001 81825
005 20230410143347.0
008 080813s2008 sp 000 0 spa d
035 _a(OCoLC)ocn433870838
040 _aBNM
_erdc
_bspa
_cBNM
015 _aMON0905
017 _aB 1012-2008
020 _a9788484525301
020 _a8484525309
035 _a(OCoLC)433870838
041 1 _aspa
_hfre
080 _a364.22(100-773)
080 _a711.434(100-773)
080 _a316.334.56(100-773)
049 _aGRAL
050 1 4 _aSE438
100 1 _aSeabrook, Jeremy.
245 1 0 _aCiudades
_h[Texto impreso]
_cJeremy Seabrook ; [traducciâon, Escarlata Guillâen].
250 _a1a. ed.
260 _aBarcelona
_bIntermon Oxfam
_c2008.
300 _a230 p.
_c21 cm.
490 1 _aDossiers para entender el mundo
_v43
504 _aBibliografâia: p. 215-216.
650 7 _aaAreas metropolitanas
_zPaâises en desarrollo.
650 7 _aUrbanizaciâon
_zPaaises en desarrollo.
650 7 _aPobreza
_zPaâises en desarrollo.
830 0 _aDosiers para entender el mundo
_v43.
942 _2lcc
_cbk
994 _aC0
_bDRFGD
946 _arpeña
999 _c100279
_d100279